The white cat : and other old French fairy tales / Arranged by Rachel Field and drawn by E. MacKinstry.
Includes The White Cat, Graciosa and Percinet, The Pot of Carnations, Prince Sprite, and The Good Little Mouse.
Record details
- Physical Description: 150 pages : illustrations (part color) 29 cm.
- Publisher: New York : Macmillan, 1967, c1928.
Search for related items by subject
| Subject: | Fairy tales > France. Fairy tales. |
| Genre: | Fairy tales. |
| LDR | 01092cam a2200277 4500 | ||
|---|---|---|---|
| 001 | 122110 | ||
| 003 | CONS | ||
| 005 | 20140703073259.0 | ||
| 008 | 850814c19671928nyua j 000 1 eng | ||
| 010 | . | ‡a 68000849 | |
| 035 | . | ‡a(CPomAG)LMN475450 | |
| 050 | 0 | . | ‡aPZ8.A924 ‡bWh4 |
| 082 | . | ‡a[Fic] | |
| 100 | 1 | . | ‡aAulnoy, ‡cMadame d' ‡q(Marie-Catherine), ‡d1650 or 51-1705. |
| 245 | 1 | 4. | ‡aThe white cat : ‡band other old French fairy tales / ‡cArranged by Rachel Field and drawn by E. MacKinstry. |
| 260 | . | ‡aNew York : ‡bMacmillan, ‡c1967, c1928. | |
| 300 | . | ‡a150 pages : ‡billustrations (part color) ‡c29 cm. | |
| 520 | . | ‡aIncludes The White Cat, Graciosa and Percinet, The Pot of Carnations, Prince Sprite, and The Good Little Mouse. | |
| 650 | 0. | ‡aFairy tales ‡zFrance. | |
| 650 | 0. | ‡aFairy tales. | |
| 655 | 7. | ‡aFairy tales. ‡2gsafd | |
| 700 | 1 | . | ‡aField, Rachel, ‡d1894-1942. |
| 700 | 1 | . | ‡aMacKinstry, E. ‡q(Elizabeth). |
| 914 | . | ‡dLMN_cm | |
| 959 | . | ‡i32269000236268 ‡lJF D'Aul 3-4 ‡aJuvenile - Fiction ‡tJuv Fiction ‡g4.95 | |
| 852 | . | ‡p32269000236268 ‡jJF D'Aul 3-4 ‡gJuvenile - Fiction ‡cJuv Fiction ‡y4.95 ‡bSBPL | |
| 901 | . | ‡a122110 ‡bUnknown ‡c122110 ‡tbiblio | |